Определение золота и палладия методом инверсионной вольтамперометрии; Химия и химическая технология в XXI веке; Т. 1

Bibliographic Details
Parent link:Химия и химическая технология в XXI веке: материалы XII Всероссийской научно-практической конференции студентов и молодых ученых с международным участием, Томск, 11-13 мая 2011 г./ Национальный исследовательский Томский политехнический университет (ТПУ), Институт природных ресурсов (ИПР).— , 2011
Т. 1.— 2011.— [С. 282-284]
Main Author: Клюйкова Ю. И.
Other Authors: Глызина Т. С. Татьяна Святославовна (научный руководитель)
Summary:Заглавие с титульного листа
Электронная версия печатной публикации
Language:Russian
Published: 2011
Series:Секция 3. Теоретические и прикладные аспекты физической и аналитической химии
Subjects:
Online Access:http://www.lib.tpu.ru/fulltext/v/Conferences/2011/C5/C5a145.pdf
Format: Electronic Book Chapter
KOHA link:https://koha.lib.tpu.ru/cgi-bin/koha/opac-detail.pl?biblionumber=209628

MARC

LEADER 00000naa2a2200000 4500
001 209628
005 20260219093351.0
035 |a (RuTPU)RU\TPU\book\228967 
035 |a RU\TPU\book\228964 
090 |a 209628 
100 |a 20120214d2011 k y0rusy50 ca 
101 0 |a rus 
102 |a RU 
135 |a drnn ---uucaa 
181 0 |a i  
182 0 |a b 
200 1 |a Определение золота и палладия методом инверсионной вольтамперометрии  |f Ю. И. Клюйкова  |g науч. рук. Т. С. Глызина 
203 |a Текст  |c электронный 
215 |a 1 файл (438 Кб) 
225 1 |a Секция 3. Теоретические и прикладные аспекты физической и аналитической химии 
300 |a Заглавие с титульного листа 
300 |a Электронная версия печатной публикации 
320 |a [Библиогр.: с. 284 (3 назв.)] 
337 |a Adobe Reader 
461 1 |0 (RuTPU)RU\TPU\book\218704  |t Химия и химическая технология в XXI веке  |o материалы XII Всероссийской научно-практической конференции студентов и молодых ученых с международным участием, Томск, 11-13 мая 2011 г.  |o в 2 т.  |f Национальный исследовательский Томский политехнический университет (ТПУ), Институт природных ресурсов (ИПР)  |d 2011 
463 1 |0 (RuTPU)RU\TPU\book\218882  |t Т. 1  |v [С. 282-284]  |d 2011 
610 1 |a золото 
610 1 |a палладий 
610 1 |a определение 
610 1 |a растворы 
610 1 |a концентрирование 
610 1 |a инверсионная вольтамперометрия 
610 1 |a труды учёных ТПУ 
610 1 |a электронный ресурс 
700 1 |a Клюйкова  |b Ю. И. 
702 1 |a Глызина  |b Т. С.  |c специалист в области анализа минерального сырья электрохимическими методами  |c инженер-исследователь лаборатории геологии золота Томского политехнического университета, кандидат химических наук  |f 1975-  |g Татьяна Святославовна  |4 727 
801 1 |a RU  |b 63413507  |c 20120118 
801 2 |a RU  |b 63413507  |c 20160728  |g RCR 
856 4 |u http://www.lib.tpu.ru/fulltext/v/Conferences/2011/C5/C5a145.pdf 
942 |c CF